Complete the Titles of Songs by Taylor Swift - Statistics

General Stats
  • This quiz has been taken 1,245 times
  • The average score is 15 of 15
Answer Stats
Answer % Correct
Blank {Space}
100%
Look What You Made Me {Do}
100%
Shake It {Off}
100%
We Are Never Ever Getting Back {Together}
100%
You Belong With {Me}
100%
You Need To Calm {Down}
100%
Wildest {Dreams}
99%
I Knew You Were {Trouble}
98%
Love {Story}
98%
Teardrops On My {Guitar}
96%
Back To {December}
95%
Our {Song}
95%
Out Of The {Woods}
95%
Tim {McGraw}
95%
Today Was A {Fairytale}
83%
No matching quizzes found
Score Distribution
Percent of People with Each Score
Percentile by Number Answered
Your Score History
You have not taken this quiz